Tvorba normy ISO 26000 je iniciatívou medzinárodnej organizácie ISO a jej príspevkom k spoločenskej zodpovednosti

Proces tvorby medzinárodnej normy ISO 26000. Kľúčové témy v návrhu normy. Medzinárodná norma ako návod na integráciu spoločensky zodpovedného správania sa do existujúcej organizačnej stratégie, systémov, praxe a procesov. Vydanie normy ISO 26000 sa očakáva v septembri 2010.

Salvato in:
Dettagli Bibliografici
Autore principale: Sládková, Nadežda
Natura: Capitolo di libro
Lingua:slovacco
Soggetti:
Tags: Aggiungi Tag
Nessun Tag, puoi essere il primo ad aggiungerne!!

MARC

LEADER 00000naa$a2200000$$$4500
001 0090052
005 20230511072429.6
041 0 |a slo 
044 |a SK 
245 1 0 |a Tvorba normy ISO 26000 je iniciatívou medzinárodnej organizácie ISO a jej príspevkom k spoločenskej zodpovednosti  |c Nadežda Sládková 
520 |a Proces tvorby medzinárodnej normy ISO 26000. Kľúčové témy v návrhu normy. Medzinárodná norma ako návod na integráciu spoločensky zodpovedného správania sa do existujúcej organizačnej stratégie, systémov, praxe a procesov. Vydanie normy ISO 26000 sa očakáva v septembri 2010. 
610 2 0 |a normy ISO 
610 2 0 |a normalizácia 
610 2 0 |a organizácie 
610 2 0 |a zodpovednosť spoločenská 
100 1 |a Sládková, Nadežda